| 000 | 00362nam a2200145Ia 4500 | ||
|---|---|---|---|
| 005 | 20251222153535.0 | ||
| 008 | 251222s9999||||xx |||||||||||||| ||spa|| | ||
| 020 | _a8481930334 | ||
| 082 | _a345.7/F42 | ||
| 100 | _aFernández Urzainqui, Don Francisco Javier | ||
| 245 | 0 | _aCódigo Civil | |
| 250 | _a1ra. ed. | ||
| 264 | _bEditorial Arazandi SA | ||
| 942 | _cLIB | ||
| 999 |
_c30248 _d30248 |
||